Top 25 Kanye West Songs - Statistics

General Stats
  • This quiz has been taken 159 times
  • The average score is 15 of 25
Answer Stats
# Album Score Answer % Correct
3 My Beautiful Dark Twisted Fantasy 96 Runaway
93%
2 Ye 97 Ghost Town
85%
6 The College Dropout 96 All Falls Down
82%
9 My Beautiful Dark Twisted Fantasy 96 Devil in a New Dress
82%
4 The Life of Pablo 96 Saint Pablo
79%
1 The Life of Pablo 97 No More Parties In LA
74%
20 Yeezus 94 Bound 2
73%
5 The College Dropout 96 Through the Wire
69%
25 Ye 93 Violent Crimes
69%
18 Graduation 94 I Wonder
64%
8 My Beautiful Dark Twisted Fantasy 96 POWER
64%
21 The Life of Pablo 94 Father Stretch My Hands Pt.1
63%
14 Graduation 95 Flashing Lights
63%
11 The College Dropout 96 Jesus Walks
60%
17 My Beautiful Dark Twisted Fantasy 95 Dark Fantasy
58%
7 Late Registration 96 Touch the Sky
58%
12 Late Registration 95 We Major
53%
16 Late Registration 95 Roses
52%
22 The College Dropout 93 Spaceship
52%
15 The College Dropout 95 Family Business
51%
23 The College Dropout 93 Slow Jamz
51%
13 Late Registration 95 Hey Mama
50%
19 The College Dropout 94 Two Words
44%
24 The College Dropout 93 Last Call
41%
10 Late Registration 96 Diamonds From Sierra Leone (Remix)
21%
No matching quizzes found
Score Distribution
Percent of People with Each Score
Percentile by Number Answered
Your Score History
You have not taken this quiz